The uncommon reader / (Record no. 9970)

MARC details
000 -LEADER
fixed length control field 01552nam a22002537a 4500
001 - CONTROL NUMBER
control field 9970
003 - CONTROL NUMBER IDENTIFIER
control field FISKH
005 - DATE AND TIME OF LATEST TRANSACTION
control field 20260320092856.0
008 - FIXED-LENGTH DATA ELEMENTS--GENERAL INFORMATION
fixed length control field 260320b cb ||||| |||| 00| 0 eng d
020 ## - INTERNATIONAL STANDARD BOOK NUMBER
International Standard Book Number 9781846681332
040 ## - CATALOGING SOURCE
Original cataloging agency FISKH
Language of cataloging eng
Transcribing agency FISKH
Modifying agency FISKH
050 ## - LIBRARY OF CONGRESS CALL NUMBER
Classification number PR6052 .E5
082 ## - DEWEY DECIMAL CLASSIFICATION NUMBER
Classification number 823.914
100 ## - MAIN ENTRY--PERSONAL NAME
Personal name Bennett , Alan
245 ## - TITLE STATEMENT
Title The uncommon reader /
Statement of responsibility, etc. By Alan Bennett
250 ## - EDITION STATEMENT
Edition statement First published in hardback in 2007
260 ## - PUBLICATION, DISTRIBUTION, ETC.
Place of publication, distribution, etc. London :
Name of publisher, distributor, etc. Profile Books ,
Date of publication, distribution, etc. 2006 .
300 ## - PHYSICAL DESCRIPTION
Extent 121 pages :
Other physical details illustrations ;
Dimensions 18 cm .
520 ## - SUMMARY, ETC.
Summary, etc. In this deliciously funny novella that celebrates the pleasure of reading, the Uncommon reader is none other than Her Majesty the Queen who drifts accidentally into reading when her corgis stray into a mobile library parked at Buckingham Palace. She reads widely (J.R. Ackerley, Jean Genet, Ivy Compton Burnett, and the classics) and intelligently. Her reading naturally changes her world view and her relationship with people such as the oleaginous prime minister and his repellent advisers. She comes to question the prescribed order of the world, and loses patience with much that she has to do. In short, her reading is subversive. The consequence is, of course, surprising, mildly shocking and very funny. With the poignant and mischievous wit of The history boys, England's best loved author revels in the power of literature to change even the most uncommon reader's life.
650 ## - SUBJECT ADDED ENTRY--TOPICAL TERM
Topical term or geographic name entry element Monarchy
Form subdivision Fiction
650 ## - SUBJECT ADDED ENTRY--TOPICAL TERM
Topical term or geographic name entry element Royalty
Form subdivision Fiction
942 ## - ADDED ENTRY ELEMENTS (KOHA)
Source of classification or shelving scheme Dewey Decimal Classification
Koha item type Books
Suppress in OPAC No
Holdings
Withdrawn status Lost status Source of classification or shelving scheme Damaged status Not for loan Collection Home library Current library Shelving location Date acquired Total Checkouts Full call number Barcode Date last seen Price effective from Koha item type
    Dewey Decimal Classification     Fiction Footprints International School Library Network Toul Tom Poung Campus Footprints International School Library Network Toul Tom Poung Campus TTP Secondary Fiction Bookshelves 03/20/2026   BEN 823.914 PR6052 .E5 2026-0351 03/20/2026 03/20/2026 Books